Triumphs and tears : (Record no. 330970)

000 -LEADER
fixed length control field 01309nam a2200325 a 4500
001 - CONTROL NUMBER
control field 2120043
003 - CONTROL NUMBER IDENTIFIER
control field NUST
005 - DATE AND TIME OF LATEST TRANSACTION
control field 20180117090029.0
008 - FIXED-LENGTH DATA ELEMENTS--GENERAL INFORMATION
fixed length control field 961121s1996 enk b 001 0 eng
010 ## - LIBRARY OF CONGRESS CONTROL NUMBER
LC control number 96222579
020 ## - INTERNATIONAL STANDARD BOOK NUMBER
International Standard Book Number 1853464422
040 ## - CATALOGING SOURCE
Original cataloging agency DLC
Transcribing agency DLC
043 ## - GEOGRAPHIC AREA CODE
Geographic area code e-uk---
050 00 - LIBRARY OF CONGRESS CALL NUMBER
Classification number HD6276.G7
Item number H63 1996
082 ## - DEWEY DECIMAL CLASSIFICATION NUMBER
Classification number 370.1130941
100 1# - MAIN ENTRY--PERSONAL NAME
Personal name Hodkinson, Phil.
9 (RLIN) 4233
245 10 - TITLE STATEMENT
Title Triumphs and tears :
Remainder of title young people, markets and the transition from school to work /
Statement of responsibility, etc. Phil Hodkinson, Andrew C. Sparkes, and Heather Hodkinson.
260 ## - PUBLICATION, DISTRIBUTION, ETC.
Place of publication, distribution, etc. London :
Name of publisher, distributor, etc. D. Fulton Publishers,
Date of publication, distribution, etc. 1996.
300 ## - PHYSICAL DESCRIPTION
Extent 172 p. ;
Dimensions 23 cm.
440 #4 - SERIES STATEMENT/ADDED ENTRY--TITLE
Title The Manchester Metropolitan University education series
9 (RLIN) 4234
504 ## - BIBLIOGRAPHY, ETC. NOTE
Bibliography, etc. note Includes bibliographical references (p. 163-169) and index.
650 #0 - SUBJECT ADDED ENTRY--TOPICAL TERM
Topical term or geographic name entry element Youth
General subdivision Employment
Geographic subdivision Great Britain.
9 (RLIN) 4235
650 #0 - SUBJECT ADDED ENTRY--TOPICAL TERM
Topical term or geographic name entry element School-to-work transition
Geographic subdivision Great Britain.
9 (RLIN) 4236
700 1# - ADDED ENTRY--PERSONAL NAME
Personal name Sparkes, A.
Fuller form of name (Andrew)
9 (RLIN) 4237
700 1# - ADDED ENTRY--PERSONAL NAME
Personal name Hodkinson, Heather.
9 (RLIN) 4238
906 ## - LOCAL DATA ELEMENT F, LDF (RLIN)
a 7
b cbc
c orignew
d 2
e ncip
f 19
g y-gencatlg
942 ## - ADDED ENTRY ELEMENTS (KOHA)
Source of classification or shelving scheme
Koha item type Book
Holdings
Withdrawn status Lost status Source of classification or shelving scheme Damaged status Not for loan Permanent Location Current Location Shelving location Date acquired Total Checkouts Full call number Barcode Date last seen Date last checked out Price effective from Koha item type
          Central Library (CL) Central Library (CL) General Stacks 08/25/2017 1 158.9 HOD S3H-C-72 06/15/2023 06/01/2022 08/25/2017 Book
© 2023 Central Library, National University of Sciences and Technology. All Rights Reserved.